000 00543nam a2200229Ia 4500
003 OSt
005 20221007115659.0
006 a|||||r|||| 00| 0
007 ta
008 221006b |||||||| |||| 00| 0 eng d
024 _a37,848
037 _cTextual
040 _aLCO
_cLCO
_beng
041 _2eng
_aeng
082 _aV2:zv, Q9
100 _aCULLET Philippe
245 0 _aRight to sanitation in India
260 _c2019
300 _a435
942 _hV2:zv, Q9
_cTEXL
999 _c1207411
_d1207411